| 000 -LEADER |
| fixed length control field |
00814nam a22002297a 4500 |
| 005 - DATE AND TIME OF LATEST TRANSACTION |
| control field |
20241115140313.0 |
| 008 - FIXED-LENGTH DATA ELEMENTS--GENERAL INFORMATION |
| fixed length control field |
241115b ||||| |||| 00| 0 eng d |
| 020 ## - INTERNATIONAL STANDARD BOOK NUMBER |
| International Standard Book Number |
9781447262930 |
| 040 ## - CATALOGING SOURCE |
| Transcribing agency |
KH8 |
| 082 ## - DEWEY DECIMAL CLASSIFICATION NUMBER |
| Classification number |
FIC BLU |
| 100 ## - MAIN ENTRY--PERSONAL NAME |
| Personal name |
Blume, Judy |
| Relator term |
Author |
| 245 ## - TITLE STATEMENT |
| Title |
Otherwise known as Sheila the Great |
| Statement of responsibility, etc. |
Judy Blume |
| 260 ## - PUBLICATION, DISTRIBUTION, ETC. |
| Place of publication, distribution, etc. |
London, |
| Name of publisher, distributor, etc. |
Macmillan Children's Books, |
| Date of publication, distribution, etc. |
2014 |
| 300 ## - PHYSICAL DESCRIPTION |
| Extent |
195 pages : |
| Other physical details |
illustrations ; |
| Dimensions |
20 cm |
| 440 ## - SERIES STATEMENT/ADDED ENTRY--TITLE |
| Title |
Fudge |
| Number of part/section of a work |
bk. 2 |
| 500 ## - GENERAL NOTE |
| General note |
<br/>Originally published: New York: Dutton, 1972 |
| 520 ## - SUMMARY, ETC. |
| Summary, etc. |
A summer in Tarrytown, N.Y., is a lot of fun for 10-year-old Sheila even though her friends make her face up to some self-truths she doesn't want to admit |
| 650 ## - SUBJECT ADDED ENTRY--TOPICAL TERM |
| Topical term or geographic name entry element |
Children's fiction |
| 650 ## - SUBJECT ADDED ENTRY--TOPICAL TERM |
| Topical term or geographic name entry element |
Children's stories |
| 650 ## - SUBJECT ADDED ENTRY--TOPICAL TERM |
| Topical term or geographic name entry element |
Friendship |
| 942 ## - ADDED ENTRY ELEMENTS (KOHA) |
| Source of classification or shelving scheme |
|
| Koha item type |
Books - Fiction |